Diseño y construcción de sensores optoelectrónicos para medir el flujo de granos en transportadores horizontales
Furkejuvvon:
| Váldodahkki: | |
|---|---|
| Materiálatiipa: | Girji |
| Giella: | Spanish |
| Almmustuhtton: |
[San José, Costa Rica] : [Universidad de Costa Rica, Facultad de Ingeniería, Instituto de Investigaciones en Ingeniería]
2001
|
| Fáddágilkorat: |
Lasit fáddágilkoriid
Eai fáddágilkorat, Lasit vuosttaš fáddágilkora!
|
MARC
| LEADER | 00000nam a2200000Ia 4500 | ||
|---|---|---|---|
| 003 | PI0287 | ||
| 005 | 20240129085500.0 | ||
| 008 | 140114s2001 cr a 000 ||spa d | ||
| 040 | |c cru CEDI | ||
| 100 | |a Marín Naranjo, Luis Diego, 1960- |9 1721 | ||
| 245 | |a Diseño y construcción de sensores optoelectrónicos para medir el flujo de granos en transportadores horizontales | ||
| 260 | |a [San José, Costa Rica] : [Universidad de Costa Rica, Facultad de Ingeniería, Instituto de Investigaciones en Ingeniería] |c 2001 | ||
| 500 | |a Informe final proyecto de investigación, no. 731-A1-086 | ||
| 942 | |c PI |h PI 287 |i PI0287 |6 PI_287_000000000000000_PI0287 | ||
| 999 | |c 12818 |d 12818 | ||
